000 00977nam a22002417a 4500
005 2009111306196.0
008 091113t xxu||||| |||| 00| 0 eng d
010 _aENG-95437
020 _a8190363468
_c395.00
035 _aEN-78970
037 _bDBAD/PUB
040 _aDPL
100 _aRaddy, Gayatri
245 _aWith Respect to Sex
_cby Gayatri Reddy
_bNegotiating hijra identity in south India
260 _aNew Delhi
_bYoda Press
_c2008
270 _a35-A/1, Shahpur Jat
_bNew Delhi
_e110049
300 _a310p
_c22 cm.(Pbk)
500 _aIncludes index.
856 _uhttp://www.loc.gov/catdir/toc/ecip0721/2007025342.html
942 _2ddc
_cEN
_mRED
999 _c31769
_d31769